[Event "Maplewood Pro Cup"]
[Site "Montreal CAN"]
[Date "2024.06.01"]
[Round "2.5"]
[White "Joseph, Jonath"]
[Black "Sai Krishna, GV."]
[Result "0-1"]
[WhiteElo "2055"]
[BlackElo "2404"]
[Annotator ",hugh_brodie@hotmail."]
[PlyCount "79"]
[EventDate "2024.05.31"]
[EventType "swiss"]
[EventRounds "6"]
[EventCountry "CAN"]

1. Nf3 Nf6 2. b3 g6 3. Bb2 Bg7 4. e3 d6 5. d4 O-O 6. Be2 e5 7. dxe5 Nfd7 8. O-O
dxe5 9. Qd2 e4 10. Bxg7 exf3 11. Bxf8 fxe2 12. Qxe2 Qxf8 13. Nc3 Nf6 14. e4 Qc5
15. Rad1 Nc6 16. Nd5 Ne8 17. c4 a5 18. Kh1 a4 19. f4 f5 20. exf5 Bxf5 21. g4
Bd7 22. b4 Qf8 23. f5 g5 24. f6 Qf7 25. Ne7+ Nxe7 26. Rxd7 Ng6 27. Rxf7 Kxf7
28. Qd3 Nxf6 29. Qf5 Ra6 30. Qxg5 Kg7 31. Re1 Rd6 32. Re7+ Kg8 33. Qh6 Nxe7 34.
Qg5+ Kf7 35. c5 Rd1+ 36. Kg2 Rd4 37. h3 Rxb4 38. Qd2 Rc4 39. g5 Nfd5 40. Kg3 {
etc. (49).} 0-1

[Event "Maplewood Pro Cup"]
[Site "Montreal CAN"]
[Date "2024.06.01"]
[Round "4.3"]
[White "Ouellet, Maili-Jade"]
[Black "Sai Krishna, GV."]
[Result "1/2-1/2"]
[WhiteElo "2280"]
[BlackElo "2404"]
[PlyCount "103"]
[EventDate "2024.05.31"]
[EventType "swiss"]
[EventRounds "6"]
[EventCountry "CAN"]

1. e4 e5 2. Nf3 Nc6 3. Bb5 a6 4. Ba4 Nf6 5. O-O Be7 6. Re1 b5 7. Bb3 O-O 8. a4
Bb7 9. d3 d5 10. Nbd2 Nd4 11. Bxd5 Nxd5 12. exd5 Qxd5 13. Rxe5 Qd6 14. Re1 Rae8
15. axb5 axb5 16. c3 Nxf3+ 17. Nxf3 g5 18. Nd4 f5 19. Qb3+ Bd5 20. Qxb5 c6 21.
Qa4 Qh6 22. f4 Qh4 23. Qd1 gxf4 24. Rf1 Bd6 25. Nf3 Qg4 26. c4 Bf7 27. Bd2 Re6
28. Bc3 Rg6 29. Qd2 Re8 30. Kh1 Rge6 31. Rae1 Bh5 32. Rxe6 Rxe6 33. Re1 Qg6 34.
Nd4 Rxe1+ 35. Qxe1 Bc5 36. Qe5 f3 37. g3 Bxd4 38. Bxd4 f4 39. Qb8+ Qe8 40.
Qxe8+ Bxe8 41. gxf4 Bg6 42. Kg1 Bxd3 43. c5 Kf7 44. Kf2 Be4 45. Ke3 Bd5 46. f5
Ke7 47. Kf4 Kf7 48. Ke5 Bc4 49. Kd6 Bb5 50. b3 f2 51. Bxf2 Kf6 52. Bg3 1/2-1/2

[Event "Maplewood Pro Cup"]
[Site "Montreal CAN"]
[Date "2024.06.02"]
[Round "6.5"]
[White "Zhong, Ryan Yunhui"]
[Black "Sai Krishna, GV."]
[Result "1/2-1/2"]
[WhiteElo "1934"]
[BlackElo "2404"]
[PlyCount "136"]
[EventDate "2024.05.31"]
[EventType "swiss"]
[EventRounds "6"]
[EventCountry "CAN"]

1. e4 e5 2. Nf3 Nc6 3. d4 exd4 4. Nxd4 Nf6 5. Nc3 Bb4 6. Nxc6 bxc6 7. Bd3 d5 8.
exd5 cxd5 9. O-O O-O 10. Bg5 c6 11. Qf3 Be7 12. h3 h6 13. Bf4 Bd6 14. Ne2 Re8
15. c3 Ne4 16. Bxe4 Rxe4 17. Bxd6 Qxd6 18. Rad1 Qe7 19. Ng3 Re5 20. Qd3 h5 21.
Kh1 g6 22. Rd2 h4 23. Ne2 Bf5 24. Qa6 c5 25. Ng1 Re8 26. Rfd1 Rd8 27. b3 g5 28.
Re2 Rxe2 29. Qxe2 Qf6 30. b4 d4 31. cxd4 cxd4 32. Qd2 Be4 33. f3 Bg6 34. Ne2 d3
35. Nc1 Qf5 36. Qe3 Qb5 37. Qc5 a6 38. Qxb5 axb5 39. Kg1 Rd4 40. Kf2 Rxb4 41.
Nxd3 Bxd3 42. Rxd3 Rb2+ 43. Kf1 Rxa2 44. Rd5 b4 45. Rxg5+ Kf8 46. Rb5 Rb2 47.
Ke1 Ke7 48. Rb6 f6 49. Kd1 b3 50. Rb4 Rxg2 51. Rxb3 Rg3 52. Rb4 Rxh3 53. Ke2
Ke6 54. Kf2 Kf5 55. Rg4 Ke5 56. Kg2 Rg3+ 57. Rxg3 hxg3 58. Kxg3 f5 59. f4+ Ke4
60. Kg2 Kxf4 61. Kf2 Ke4 62. Ke2 f4 63. Kf2 f3 64. Kf1 Kf5 65. Kf2 Kf4 66. Kf1
Ke3 67. Ke1 f2+ 68. Kf1 Kf3 1/2-1/2

[Event "Germain Laplante op"]
[Site "Chambly CAN"]
[Date "2024.04.26"]
[Round "1.2"]
[White "Hu, Raymond"]
[Black "Sai Krishna, GV."]
[Result "0-1"]
[WhiteElo "1978"]
[BlackElo "2478"]
[PlyCount "104"]
[EventDate "2024.04.26"]
[EventType "swiss"]
[EventRounds "5"]
[EventCountry "CAN"]

1. e4 e5 2. Nf3 Nc6 3. Bb5 a6 4. Ba4 d6 5. O-O Nf6 6. Re1 b5 7. Bb3 Be7 8. c3
O-O 9. h3 Nd7 10. d4 Bf6 11. Be3 Na5 12. Bc2 Nc4 13. Bc1 Bb7 14. Nbd2 Ncb6 15.
Nf1 Re8 16. d5 Nc5 17. b3 c6 18. dxc6 Bxc6 19. Ba3 Qc7 20. Ng3 Rad8 21. Nh5 Be7
22. Bxc5 dxc5 23. Qe2 Nd7 24. a4 Ra8 25. axb5 axb5 26. Bd3 Rab8 27. Nd2 Nf8 28.
Nf1 Ne6 29. Ne3 g6 30. Nd5 Qd8 31. Nxe7+ Rxe7 32. Nf6+ Kg7 33. Nd5 Bxd5 34.
exd5 Nf4 35. Qf3 Qxd5 36. Qxd5 Nxd5 37. Ra5 Nxc3 38. Rc1 b4 39. Rxc5 Rd8 40.
Bf1 Rd2 41. Re1 Rb2 42. Bc4 e4 43. Rc8 Rd7 44. Re8 f5 45. g4 Kf6 46. Re6+ Kg5
47. gxf5 gxf5 48. Re8 Rg7 49. Kf1 Nb1 50. Re2 Nd2+ 51. Ke1 Rd7 52. Rg8+ Kf4 0-1

[Event "Germain Laplante op"]
[Site "Chambly CAN"]
[Date "2024.04.27"]
[Round "2.2"]
[White "Sai Krishna, GV."]
[Black "Batorshyn, Ilia"]
[Result "1/2-1/2"]
[WhiteElo "2478"]
[BlackElo "2179"]
[PlyCount "154"]
[EventDate "2024.04.26"]
[EventType "swiss"]
[EventRounds "5"]
[EventCountry "CAN"]

1. e4 e5 2. Nf3 Nc6 3. Bb5 Nf6 4. O-O Nxe4 5. d4 Nd6 6. Ba4 e4 7. Re1 Be7 8.
Ne5 O-O 9. Nc3 f5 10. Bb3+ Kh8 11. Re3 Nxe5 12. dxe5 Nf7 13. Rh3 Ng5 14. Rg3 f4
15. Rg4 d6 16. Rxf4 Re8 17. Qh5 g6 18. Qh6 dxe5 19. Rh4 Nf3+ 20. gxf3 Bxh4 21.
Nxe4 Qe7 22. Bg5 Bxg5 23. Nxg5 Qg7 24. Nf7+ Kg8 25. Ng5+ Kh8 26. Nf7+ Kg8 27.
Nd6+ Be6 28. Qxg7+ Kxg7 29. Nxe8+ Rxe8 30. Rd1 Kf6 31. Kf1 Bxb3 32. axb3 Ke6
33. Ke2 Rf8 34. Ke3 Rf4 35. Rd8 Rh4 36. Ra8 a6 37. Ra7 Rb4 38. Ra8 Rh4 39. Ra7
Rb4 40. Ra8 Kd6 41. Rd8+ Ke7 42. Ra8 Kd7 43. Rb8 b6 44. Rf8 Rh4 45. Rf7+ Kd6
46. f4 exf4+ 47. Rxf4 Rxh2 48. Rd4+ Kc6 49. Rc4+ Kb7 50. Rf4 Rh1 51. Rf7 h5 52.
Rg7 Rg1 53. f4 Re1+ 54. Kd4 Re6 55. Kd5 Rc6 56. c4 a5 57. Ke5 Rd6 58. Ke4 Kc6
59. Ke5 Kb7 60. Ke4 Kc8 61. Rg8+ Kd7 62. Rg7+ Kc6 63. Ke5 b5 64. cxb5+ Kb6 65.
Ke4 Re6+ 66. Kd5 Rf6 67. Ke5 Rd6 68. Ke4 Kxb5 69. Rxc7 Rb6 70. Rc4 Re6+ 71. Kd3
Re7 72. Rc8 Re6 73. Rf8 Rb6 74. f5 gxf5 75. Rxf5+ Kb4 76. Rxh5 Kxb3 77. Rxa5
Kxb2 1/2-1/2

[Event "Candidates Blitz"]
[Site "Toronto CAN"]
[Date "2024.04.08"]
[Round "1.11"]
[White "Tseng, Bradley"]
[Black "Sai Krishna, GV."]
[Result "0-1"]
[WhiteElo "1720"]
[BlackElo "2404"]
[PlyCount "75"]
[EventDate "2024.04.08"]
[EventType "swiss (blitz)"]
[EventRounds "9"]
[EventCountry "CAN"]
[Source "ChessMix "]
[SourceDate "2024.04.20"]

1. e4 e5 2. Nf3 Nc6 3. d4 exd4 4. Bc4 Nf6 5. e5 d5 6. Bb5 Ne4 7. Nxd4 Bd7 8.
Bxc6 bxc6 9. O-O Bc5 10. f3 Ng5 11. Be3 Qb8 12. Qc1 Qb6 13. c3 Ne6 14. Qd2 Rb8
15. b3 O-O 16. f4 f6 17. exf6 Rxf6 18. g3 Rbf8 19. Nc2 Ng5 20. Bxc5 Qxc5+ 21.
Qd4 Nh3+ 22. Kg2 Qe7 23. Re1 Qf7 24. Rf1 Qg6 25. Ne3 Nxf4+ 26. Kh1 Ne2 27. Rxf6
Rxf6 28. Qe5 Re6 29. Qf5 Rxe3 30. Qxg6 hxg6 31. Nd2 Nxc3 32. Rc1 Nxa2 33. Ra1
Nb4 34. Rxa7 Bh3 35. Kg1 Nd3 36. Ra1 Re2 37. Nf3 Rg2+ 38. Kh1 0-1

[Event "Candidates Blitz"]
[Site "Toronto CAN"]
[Date "2024.04.08"]
[Round "2.11"]
[White "Sai Krishna, GV."]
[Black "Bao, Tony Bohan"]
[Result "1-0"]
[WhiteElo "2404"]
[BlackElo "1930"]
[PlyCount "93"]
[EventDate "2024.04.08"]
[EventType "swiss (blitz)"]
[EventRounds "9"]
[EventCountry "CAN"]
[Source "ChessMix "]
[SourceDate "2024.04.20"]

1. e4 c5 2. Nf3 d6 3. d4 cxd4 4. Nxd4 Nf6 5. Nc3 a6 6. Bg5 e6 7. f4 Be7 8. Qf3
Nbd7 9. O-O-O Qc7 10. g4 h6 11. Bxf6 Bxf6 12. h4 Nb6 13. g5 Bxd4 14. Rxd4 Qc5
15. Rd3 hxg5 16. hxg5 Rxh1 17. Qxh1 Qf2 18. Rf3 Qe1+ 19. Nd1 Qxe4 20. Bd3 Qd5
21. Nc3 Qd4 22. g6 f5 23. Qh7 Bd7 24. Qg8+ Ke7 25. Qf7+ Kd8 26. Ne2 Qf6 27.
Qxf6+ gxf6 28. Rh3 Kc7 29. Rh7 Rg8 30. Nd4 Kd8 31. g7 Ke7 32. Be2 Nd5 33. Bc4
Nxf4 34. Nxf5+ Kf7 35. Nh6+ Kg6 36. Nxg8 Kxh7 37. Nxf6+ Kxg7 38. Nxd7 d5 39.
Bf1 Kg6 40. Nc5 Kf5 41. Nxb7 a5 42. Nxa5 e5 43. Nb3 e4 44. a4 e3 45. a5 e2 46.
Nd4+ Ke4 47. Nxe2 1-0

[Event "Candidates Blitz"]
[Site "Toronto CAN"]
[Date "2024.04.08"]
[Round "3.10"]
[White "Barrios, Felix"]
[Black "Sai Krishna, GV."]
[Result "0-1"]
[WhiteElo "2149"]
[BlackElo "2404"]
[PlyCount "54"]
[EventDate "2024.04.08"]
[EventType "swiss (blitz)"]
[EventRounds "9"]
[EventCountry "CAN"]
[Source "ChessMix "]
[SourceDate "2024.04.20"]

1. d4 Nf6 2. c4 g6 3. Nc3 Bg7 4. e4 d6 5. Bg5 h6 6. Be3 Ng4 7. Bc1 e5 8. d5 f5
9. Be2 O-O 10. Bxg4 fxg4 11. Nge2 Qh4 12. Be3 Na6 13. O-O Bd7 14. a3 Bf6 15.
Qd2 Bg5 16. b4 Rf7 17. Ng3 Raf8 18. Rac1 Rf3 19. Nb5 Bf4 20. a4 Qg5 21. c5 Rxe3
22. Nxc7 Nxc7 23. cxd6 Ne8 24. Qc2 Rxg3 25. hxg3 Bxc1 26. Rxc1 Nxd6 27. b5 Rc8
0-1

[Event "Candidates Blitz"]
[Site "Toronto CAN"]
[Date "2024.04.08"]
[Round "4.9"]
[White "Sai Krishna, GV."]
[Black "Zhou, Qiyu"]
[Result "1-0"]
[WhiteElo "2404"]
[BlackElo "2201"]
[PlyCount "89"]
[EventDate "2024.04.08"]
[EventType "swiss (blitz)"]
[EventRounds "9"]
[EventCountry "CAN"]
[Source "ChessMix "]
[SourceDate "2024.04.20"]

1. e4 e5 2. Nf3 Nc6 3. Bb5 a6 4. Ba4 Nf6 5. O-O b5 6. Bb3 Be7 7. Re1 O-O 8. h3
d6 9. c3 Nb8 10. d4 Nbd7 11. Nbd2 Bb7 12. a4 c6 13. Nf1 Re8 14. Ng5 Rf8 15. f4
h6 16. Nf3 exd4 17. cxd4 c5 18. d5 c4 19. Bc2 Nc5 20. Ng3 Nfd7 21. Nf5 Re8 22.
N3d4 Bf8 23. axb5 axb5 24. Rxa8 Bxa8 25. Nxb5 Qb6 26. Nfd4 Nf6 27. Nc3 Nd3 28.
Be3 Nxe1 29. Qxe1 Qxb2 30. Kh2 Qb4 31. Qa1 Bb7 32. Nc6 Bxc6 33. dxc6 Rc8 34.
Qa6 Qxc3 35. Qxc8 Qxe3 36. c7 Qxf4+ 37. Kg1 Qc1+ 38. Kh2 Qf4+ 39. Kg1 Qc1+ 40.
Kh2 Qf4+ 41. Kg1 Qc1+ 42. Bd1 Qxd1+ 43. Kh2 Qd4 44. Qf5 Nxe4 45. c8=Q 1-0

[Event "Candidates Blitz"]
[Site "Toronto CAN"]
[Date "2024.04.08"]
[Round "5.4"]
[White "Mamedyarov, Shakhriyar"]
[Black "Sai Krishna, GV."]
[Result "1-0"]
[WhiteElo "2733"]
[BlackElo "2404"]
[PlyCount "41"]
[EventDate "2024.04.08"]
[EventType "swiss (blitz)"]
[EventRounds "9"]
[EventCountry "CAN"]
[Source "ChessMix "]
[SourceDate "2024.04.20"]

1. d4 Nf6 2. Bg5 c5 3. d5 Ne4 4. Bc1 f5 5. f3 Nd6 6. e4 e6 7. Nc3 Qf6 8. dxe6
dxe6 9. Bf4 Qd4 10. Nge2 Qxd1+ 11. Rxd1 Nf7 12. exf5 e5 13. Be3 Bxf5 14. Rd2
Nd7 15. Ng3 Be6 16. Nb5 O-O-O 17. Nxa7+ Kc7 18. Nb5+ Kc6 19. Be2 c4 20. Nc3 Bb4
21. Kf2 1-0

[Event "Candidates Blitz"]
[Site "Toronto CAN"]
[Date "2024.04.08"]
[Round "6.7"]
[White "Sai Krishna, GV."]
[Black "Zomorrodian, Eilia"]
[Result "1-0"]
[WhiteElo "2404"]
[BlackElo "2115"]
[PlyCount "85"]
[EventDate "2024.04.08"]
[EventType "swiss (blitz)"]
[EventRounds "9"]
[EventCountry "CAN"]
[Source "ChessMix "]
[SourceDate "2024.04.20"]

1. e4 c5 2. Nf3 e6 3. d4 cxd4 4. Nxd4 a6 5. Bd3 Qc7 6. O-O Nf6 7. Nc3 Be7 8.
Kh1 O-O 9. f4 d6 10. Rf3 e5 11. Nf5 Bxf5 12. exf5 Nc6 13. Rh3 Rad8 14. g4 g6
15. g5 d5 16. gxf6 Bxf6 17. Qg4 e4 18. Be2 Nd4 19. fxg6 fxg6 20. Bd1 Nf5 21.
Bd2 Qc6 22. Qg2 Rfe8 23. Ne2 Bxb2 24. Rb1 Bf6 25. c3 b5 26. Bb3 Kg7 27. Ng3
Nxg3+ 28. Rxg3 Qe6 29. Rg1 Qf5 30. Bd1 d4 31. Bg4 Qd5 32. cxd4 Qxd4 33. Be3 Qd5
34. f5 g5 35. Bh5 Re5 36. Bxg5 Bxg5 37. Rxg5+ Kf6 38. Rg7 Rxf5 39. Rf7+ Ke6 40.
Rxf5 Kxf5 41. Qg5+ Ke6 42. Bg4+ Kd6 43. Qxd8+ 1-0

[Event "Candidates Blitz"]
[Site "Toronto CAN"]
[Date "2024.04.08"]
[Round "7.4"]
[White "Gavrilin, Roman"]
[Black "Sai Krishna, GV."]
[Result "1/2-1/2"]
[WhiteElo "2185"]
[BlackElo "2404"]
[PlyCount "114"]
[EventDate "2024.04.08"]
[EventType "swiss (blitz)"]
[EventRounds "9"]
[EventCountry "CAN"]
[Source "ChessMix "]
[SourceDate "2024.04.20"]

1. e4 e5 2. d4 exd4 3. Qxd4 Nc6 4. Qe3 g6 5. Nc3 Bg7 6. Bd2 Nf6 7. O-O-O O-O 8.
Bc4 Na5 9. Bb3 Re8 10. f3 Nxb3+ 11. axb3 d5 12. Nge2 c6 13. Kb1 a5 14. Qf2 dxe4
15. Bg5 Qc7 16. Bxf6 Bxf6 17. Nxe4 Bg7 18. Nd6 Re5 19. Nc4 Re7 20. Nb6 Rxe2 21.
Qxe2 Qxb6 22. Qe8+ Bf8 23. Rd8 Qc5 24. Rxc8 Rxc8 25. Qxc8 Kg7 26. Rd1 Bd6 27.
Qxb7 Be5 28. Qd7 Bf6 29. Qd3 Qe5 30. c3 Qxh2 31. Qe2 h5 32. Ka2 h4 33. Rd7 Qf4
34. Qc4 Be5 35. Qxf4 Bxf4 36. Rd4 g5 37. Rc4 f5 38. Rxc6 Bg3 39. b4 axb4 40.
cxb4 Kf7 41. b5 g4 42. fxg4 fxg4 43. b6 h3 44. gxh3 gxh3 45. Rh6 h2 46. Rh3 Bb8
47. Kb3 Kg6 48. Kc4 Kf5 49. Kd5 Kg4 50. Rh7 Bg3 51. Rxh2 Bxh2 52. Ke6 Kf4 53.
b4 Ke4 54. b5 Kd4 55. Kd7 Kc5 56. b7 Kxb5 57. b8=Q+ Bxb8 1/2-1/2

[Event "Candidates Blitz"]
[Site "Toronto CAN"]
[Date "2024.04.08"]
[Round "8.3"]
[White "Sai Krishna, GV."]
[Black "Kosteniuk, Alexandra"]
[Result "1-0"]
[WhiteElo "2404"]
[BlackElo "2501"]
[PlyCount "119"]
[EventDate "2024.04.08"]
[EventType "swiss (blitz)"]
[EventRounds "9"]
[EventCountry "CAN"]
[Source "ChessMix "]
[SourceDate "2024.04.20"]

1. e4 c6 2. d4 d5 3. Nc3 dxe4 4. Nxe4 Nf6 5. Nxf6+ exf6 6. c3 Bd6 7. Bd3 Na6 8.
Ne2 Nc7 9. Qc2 h5 10. Bd2 Nd5 11. O-O-O b5 12. Ng3 Kf8 13. Ne4 Be7 14. h3 Be6
15. g4 Nb6 16. gxh5 Rxh5 17. Rdg1 Qd5 18. Qd1 Rh8 19. Bb1 b4 20. cxb4 Qxd4 21.
Bc3 Qxd1+ 22. Rxd1 Bd5 23. Rhe1 Rxh3 24. Rh1 Rxh1 25. Rxh1 Ke8 26. Rh7 Bf8 27.
Ng3 Be6 28. Nh5 Nd5 29. Nxg7+ Bxg7 30. Rxg7 Ke7 31. Bd4 Rh8 32. Rg1 Rh4 33.
Bxa7 Nxb4 34. Bc5+ Kd7 35. Rd1+ Nd5 36. b3 f5 37. a4 Kc7 38. a5 Kb7 39. Bd3 Nb4
40. Be2 Bd5 41. Rg1 Re4 42. Bf3 Rf4 43. Be2 Bxb3 44. Rg8 Bc4 45. Bd6 Bxe2 46.
Bxf4 Nd3+ 47. Kd2 Nxf4 48. Ke3 Ka6 49. Kxf4 Kxa5 50. Kxf5 Bc4 51. Rd8 c5 52.
Ke5 Be6 53. f4 Bb3 54. Rc8 Kb4 55. f5 Ba2 56. f6 c4 57. Kd4 Bb3 58. Rb8+ Ka3
59. Kc3 Ka2 60. Rb7 1-0

[Event "Candidates Blitz"]
[Site "Toronto CAN"]
[Date "2024.04.08"]
[Round "9.2"]
[White "Tregubov, Pavel V"]
[Black "Sai Krishna, GV."]
[Result "0-1"]
[WhiteElo "2562"]
[BlackElo "2404"]
[PlyCount "58"]
[EventDate "2024.04.08"]
[EventType "swiss (blitz)"]
[EventRounds "9"]
[EventCountry "CAN"]
[Source "ChessMix "]
[SourceDate "2024.04.20"]

1. e4 e5 2. Nf3 Nc6 3. Bb5 a6 4. Ba4 d6 5. d4 b5 6. Bb3 Nxd4 7. Nxd4 exd4 8.
O-O Nf6 9. Re1 Be7 10. a4 Bb7 11. c3 O-O 12. cxd4 Nxe4 13. Qd3 c5 14. Bc2 d5
15. Nc3 cxd4 16. Ne2 Bc5 17. Nxd4 f5 18. b4 Nxf2 19. Qc3 Bb6 20. Bb2 Rc8 21.
Qd2 Ne4 22. Bxe4 dxe4 23. Kh1 f4 24. Rad1 Qh4 25. Ne6 e3 26. Qd7 Rf7 27. Qd6 f3
28. Rg1 fxg2+ 29. Rxg2 Bxg2+ 0-1

[Event "CAN-ch"]
[Site "Toronto CAN"]
[Date "2024.03.27"]
[Round "1.7"]
[White "Sai Krishna, GV."]
[Black "Joseph, Jonath"]
[Result "1-0"]
[WhiteElo "2404"]
[BlackElo "2151"]
[PlyCount "83"]
[EventDate "2024.03.27"]
[EventType "swiss"]
[EventRounds "10"]
[EventCountry "CAN"]

1. e4 e5 2. Nf3 Nc6 3. Bb5 a6 4. Ba4 Nf6 5. O-O d6 6. Re1 Bd7 7. d4 b5 8. Bb3
Nxd4 9. Nxd4 exd4 10. f4 Bg4 11. Qd3 Be7 12. f5 d5 13. Bxd5 Nxd5 14. exd5 Qxd5
15. Qg3 Qxf5 16. h3 Bh5 17. Qxc7 O-O 18. Qxe7 Qxc2 19. Na3 Qg6 20. Bd2 f6 21.
Qe6+ Kh8 22. Qe4 f5 23. Qxd4 Bf3 24. Qf2 Be4 25. Bf4 Rae8 26. Rad1 Re6 27. Nb1
Qh5 28. Nc3 Rg6 29. Nxe4 fxe4 30. Bg3 Kg8 31. Qe3 h6 32. Kh2 Re8 33. Rd4 Rge6
34. Rf1 Qg6 35. Rf4 Kh7 36. Be1 Qg5 37. Qg3 Qe7 38. Bb4 Qa7 39. Bc3 e3 40. Rg4
R8e7 41. Rd8 e2 42. Qd3+ 1-0

[Event "CAN-ch"]
[Site "Toronto CAN"]
[Date "2024.03.28"]
[Round "2.5"]
[White "Rusonik, Max"]
[Black "Sai Krishna, GV."]
[Result "1/2-1/2"]
[WhiteElo "2196"]
[BlackElo "2404"]
[PlyCount "126"]
[EventDate "2024.03.27"]
[EventType "swiss"]
[EventRounds "10"]
[EventCountry "CAN"]

1. e4 e5 2. Nf3 Nc6 3. Bb5 a6 4. Ba4 d6 5. Nc3 Be7 6. Bxc6+ bxc6 7. d4 exd4 8.
Nxd4 c5 9. Nc6 Qd7 10. Na5 Nf6 11. O-O O-O 12. Bf4 Re8 13. Re1 Bf8 14. h3 Rb8
15. b3 Bb7 16. Nxb7 Rxb7 17. a3 Qc6 18. e5 dxe5 19. Bxe5 Rbb8 20. Qd3 Rbd8 21.
Qc4 Re6 22. Bg3 Rd2 23. Rxe6 Qxe6 24. Qxe6 fxe6 25. Rc1 Bd6 26. Bxd6 cxd6 27.
Kf1 Kf7 28. Ke1 Rd4 29. Rd1 Rxd1+ 30. Kxd1 Ke7 31. Na4 Kd7 32. c4 Kc6 33. Ke2
d5 34. Ke3 Ne4 35. f3 Nd6 36. Nb2 Nf5+ 37. Kf4 Kd6 38. Nd3 Nd4 39. b4 dxc4 40.
Nxc5 Nc2 41. Ke4 Nxa3 42. Nxa6 Kc6 43. Nc5 Kb5 44. Nxe6 Kxb4 45. f4 c3 46. Kd3
c2 47. Kd2 Kb3 48. Nd4+ Kb2 49. Nxc2 Nxc2 50. g4 Nd4 51. f5 Kb3 52. Kd3 Nf3 53.
Ke3 Nh4 54. Kd4 Kc2 55. Ke5 Kd3 56. f6 Ng6+ 57. Kf5 gxf6 58. Kxf6 Ke4 59. Kg7
Kf4 60. Kxh7 Nh4 61. Kh6 Kg3 62. g5 Kxh3 63. g6 Nxg6 1/2-1/2

[Event "CAN-ch"]
[Site "Toronto CAN"]
[Date "2024.03.28"]
[Round "3.7"]
[White "Sai Krishna, GV."]
[Black "Plotkin, Victor"]
[Result "1-0"]
[WhiteElo "2404"]
[BlackElo "2273"]
[PlyCount "69"]
[EventDate "2024.03.27"]
[EventType "swiss"]
[EventRounds "10"]
[EventCountry "CAN"]

1. e4 e5 2. Nf3 Nf6 3. Nxe5 d6 4. Nf3 Nxe4 5. Nc3 Nxc3 6. dxc3 Be7 7. Bf4 Nc6
8. Qd2 Be6 9. Ng5 Bxg5 10. Bxg5 Qd7 11. Be2 h6 12. Be3 O-O-O 13. b4 Rde8 14. a4
Bg4 15. f3 Bf5 16. Kf2 Qe6 17. a5 g5 18. Rhe1 g4 19. a6 gxf3 20. axb7+ Kd7 21.
Bxf3 Ne5 22. Bxa7 Qf6 23. Qd4 Bxc2 24. Re3 Qg5 25. b8=Q Rxb8 26. Bxb8 Rxb8 27.
Re2 Bh7 28. Bd5 Rg8 29. b5 Qh5 30. h3 Qg5 31. b6 Nd3+ 32. Kg1 Ne5 33. Ra7 Bd3
34. Rxc7+ Kd8 35. Qa4 1-0

[Event "CAN-ch"]
[Site "Toronto CAN"]
[Date "2024.03.29"]
[Round "4.3"]
[White "Sambuev, Bator"]
[Black "Sai Krishna, GV."]
[Result "1-0"]
[WhiteElo "2462"]
[BlackElo "2404"]
[PlyCount "107"]
[EventDate "2024.03.27"]
[EventType "swiss"]
[EventRounds "10"]
[EventCountry "CAN"]

1. d4 Nf6 2. c4 g6 3. Nc3 Bg7 4. e4 d6 5. Be2 O-O 6. Nf3 e5 7. O-O Nc6 8. d5
Ne7 9. b4 Nh5 10. Re1 f5 11. a4 Nf6 12. a5 Nxe4 13. Nxe4 fxe4 14. Ng5 e3 15.
Bxe3 Nf5 16. Bd2 Nd4 17. Bd3 Bf5 18. Ne4 Bxe4 19. Bxe4 Qh4 20. g3 Qh3 21. Be3
Nf5 22. Bg2 Nxe3 23. Rxe3 Qf5 24. Ra2 Bh6 25. Re4 b6 26. Qa4 Qg5 27. Rc2 Rab8
28. a6 Rf7 29. Bh3 Qh5 30. Bg4 Qg5 31. Be6 Rbf8 32. Qd7 Qf6 33. Bxf7+ Rxf7 34.
Qg4 Bf8 35. Kg2 h5 36. Qe2 Rh7 37. h4 g5 38. hxg5 Qxg5 39. Rc3 Kh8 40. f4 exf4
41. Rxf4 Be7 42. Qe6 Rg7 43. Qc8+ Kh7 44. Qf5+ Kg8 45. Re3 h4 46. Qxg5 Bxg5 47.
Re8+ Kh7 48. Rg4 h3+ 49. Kxh3 Kg6 50. Re6+ Kf5 51. Rge4 Bd2 52. b5 Bc3 53. Rf4+
Kg5 54. Rg4+ 1-0

[Event "CAN-ch"]
[Site "Toronto CAN"]
[Date "2024.03.30"]
[Round "5.6"]
[White "Sai Krishna, GV."]
[Black "Noritsyn, Sergey"]
[Result "1-0"]
[WhiteElo "2404"]
[BlackElo "2191"]
[PlyCount "73"]
[EventDate "2024.03.27"]
[EventType "swiss"]
[EventRounds "10"]
[EventCountry "CAN"]

1. e4 c5 2. Nf3 e6 3. d4 cxd4 4. Nxd4 Nf6 5. Nc3 Nc6 6. Ndb5 Bb4 7. a3 Bxc3+ 8.
Nxc3 d5 9. exd5 exd5 10. Bd3 O-O 11. O-O d4 12. Ne2 Bg4 13. f3 Bh5 14. b4 a5
15. b5 Ne5 16. Bb2 Nxd3 17. cxd3 Qb6 18. Qa4 Bg6 19. Bxd4 Qd6 20. Bxf6 Bxd3 21.
Rad1 gxf6 22. Rf2 Kh8 23. Qb3 Bc4 24. Rxd6 Bxb3 25. Nd4 Bc4 26. Rc2 Rac8 27.
Rd7 Rfe8 28. Rxb7 Re1+ 29. Kf2 Rf1+ 30. Kg3 Rd1 31. Nf5 Rg8+ 32. Kf4 Bd3 33.
Rcc7 Rh1 34. Nh6 Rxg2 35. Nxf7+ Kg7 36. Ne5+ Kh6 37. Nxd3 1-0

[Event "Austin AGCA GM"]
[Site "Austin USA"]
[Date "2024.05.24"]
[Round "1.2"]
[White "Kunka, Harshid"]
[Black "Sai Krishna, GV."]
[Result "1-0"]
[WhiteElo "2310"]
[BlackElo "2404"]
[PlyCount "115"]
[EventDate "2024.01.11"]
[EventType "tourn"]
[EventRounds "9"]
[EventCountry "USA"]
[EventCategory "6"]
[Source "ChessMix"]
[SourceDate "2024.06.10"]

1. e4 e5 2. Nf3 Nc6 3. Bb5 a6 4. Ba4 Nf6 5. O-O Be7 6. Re1 b5 7. Bb3 O-O 8. c3
d5 9. d4 exd4 10. e5 Ne4 11. cxd4 Bg4 12. Nc3 Bb4 13. Re3 Bxc3 14. bxc3 Ng5 15.
Qd3 Bxf3 16. gxf3 Nh3+ 17. Kf1 Qg5 18. Re1 Qg1+ 19. Ke2 Qxf2+ 20. Kd1 Rad8 21.
Qe2 Qh4 22. Qg2 f6 23. f4 Kh8 24. Bxd5 Ne7 25. exf6 Qxf6 26. Bb3 Nf5 27. Qxh3
Nxd4 28. Bd2 b4 29. Rc1 Nxb3 30. axb3 Qxf4 31. Qe3 Qxh2 32. cxb4 Qh5+ 33. Kc2
Rf3 34. Qg5 Qxg5 35. Bxg5 Rb8 36. Kb2 h6 37. Bd2 Rf2 38. Rc2 Rb5 39. Re7 h5 40.
Bc3 Rxc2+ 41. Kxc2 Rg5 42. Rxc7 Kh7 43. Rc5 Rg2+ 44. Kd3 g5 45. Ke4 h4 46. Kf5
Kh6 47. Rc6+ Kh5 48. Rxa6 Rf2+ 49. Ke4 h3 50. Be5 Re2+ 51. Kf5 Re3 52. Ra3 Rf3+
53. Ke4 g4 54. b5 Kh4 55. b6 Rf7 56. Ra7 Rf8 57. Rh7+ Kg5 58. b7 1-0

[Event "Austin AGCA GM"]
[Site "Austin USA"]
[Date "2024.05.25"]
[Round "2.4"]
[White "Sai Krishna, GV."]
[Black "Belous, Vladimir"]
[Result "1-0"]
[WhiteElo "2404"]
[BlackElo "2505"]
[PlyCount "53"]
[EventDate "2024.01.11"]
[EventType "tourn"]
[EventRounds "9"]
[EventCountry "USA"]
[EventCategory "6"]
[Source "ChessMix"]
[SourceDate "2024.06.10"]

1. e4 e5 2. Nf3 d6 3. d4 exd4 4. Nxd4 Nf6 5. Nc3 Be7 6. g3 O-O 7. Bg2 Bg4 8. f3
c5 9. Nde2 Be6 10. g4 Nc6 11. Ng3 h6 12. Nd5 Ne5 13. Nxe7+ Qxe7 14. g5 hxg5 15.
Bxg5 Rad8 16. f4 Nc4 17. f5 Bc8 18. Nh5 Ne5 19. Nxf6+ gxf6 20. Bh6 d5 21. Qh5
dxe4 22. Rg1 Bxf5 23. Qxf5 Rfe8 24. Bf1+ Ng6 25. Bc4 Kh7 26. Qh5 Qe5 27. Bg5+
1-0

[Event "Austin AGCA GM"]
[Site "Austin USA"]
[Date "2024.05.25"]
[Round "3.3"]
[White "Amburgy, Ryan"]
[Black "Sai Krishna, GV."]
[Result "0-1"]
[WhiteElo "2245"]
[BlackElo "2404"]
[PlyCount "94"]
[EventDate "2024.01.11"]
[EventType "tourn"]
[EventRounds "9"]
[EventCountry "USA"]
[EventCategory "6"]
[Source "ChessMix"]
[SourceDate "2024.06.10"]

1. d4 Nf6 2. c4 g6 3. Nc3 Bg7 4. e4 d6 5. h3 O-O 6. Nf3 e5 7. d5 Nfd7 8. g4 a5
9. Be3 Nc5 10. Rg1 Nba6 11. a3 Bd7 12. Nd2 Kh8 13. Be2 a4 14. Qc2 f5 15. gxf5
gxf5 16. O-O-O Nb3+ 17. Nxb3 axb3 18. Qxb3 f4 19. Bd2 c6 20. Bg4 Be8 21. Be1
Nc5 22. Qc2 cxd5 23. Rxd5 Bf7 24. f3 Qb6 25. Bf2 Nb3+ 26. Kb1 Nd4 27. Rb5 Qxb5
28. Nxb5 Nxc2 29. Kxc2 h5 30. Bf5 Bxc4 31. Nxd6 Be2 32. Nxb7 Bxf3 33. Nc5 Rf7
34. Bh4 Bf6 35. Bxf6+ Rxf6 36. Nd3 Be2 37. Rg5 Rc6+ 38. Kd2 Bxd3 39. Rxh5+ Kg8
40. Kxd3 Rd8+ 41. Ke2 Rc2+ 42. Ke1 Rc1+ 43. Ke2 Rc2+ 44. Ke1 f3 45. Be6+ Kg7
46. Bd5 Re2+ 47. Kd1 Rxe4 0-1